| 000 | 00493nam a2200169 i 4500 | ||
|---|---|---|---|
| 001 | 27623 | ||
| 003 | ES-MaACL | ||
| 005 | 20230906153651.0 | ||
| 007 | t| | ||
| 008 | 030115s1971 sp ||||1| spa d | ||
| 100 | 1 |
_aArazo, María Angeles. _922373 |
|
| 245 | 1 | 0 |
_aValencianos de la mar / _cMaría Angeles Arazo ; fotos, Luis Vidal. |
| 260 |
_aValencia : _bPrometeo, _c[1971] |
||
| 300 |
_a181 p., 6 lám. ; _c21 cm. |
||
| 700 | 1 |
_aVidal, Luis. _9114445 |
|
| 852 |
_aES-MaACL _jC-47040 _bR.80269 |
||
| 999 |
_c27623 _d27623 |
||